| 000 | 00823cam a22002771 4500 | ||
|---|---|---|---|
| 999 |
_c5717 _d5717 |
||
| 001 | 5717 | ||
| 003 | BD-JhCC | ||
| 005 | 20200330134008.0 | ||
| 008 | 730829s1945 xx 000 0 eng | ||
| 020 | _a9789848725047 | ||
| 035 | _a(BD-JhCC)5717 | ||
| 035 | _a(OCoLC)683371 | ||
| 040 |
_aDLC _cOKentU _dDLC _dBD-JhCC |
||
| 041 | _aeng | ||
| 050 | 0 | 0 |
_aNA2800 _b.R5 1945 |
| 082 |
_a729.29 _bAHM 2010 |
||
| 100 | 1 |
_a Ahmed, Nizimuddin _d2010 |
|
| 245 | 1 | 0 |
_aAcoustics for architects / _cAhmed Nizimuddin |
| 260 |
_aDhaka : _bPustok Prokashona Board, _c2010. |
||
| 300 |
_a279 p. _billus. _c25cm. |
||
| 500 | _a"Published as Introduction to acoustics of buildings 1933. Republished as Acoustics for architects 1945." | ||
| 650 | 0 | _aArchitectural acoustics. | |
| 650 | 0 | _aSound. | |
| 942 |
_2ddc _cBK _02 |
||